[Event "AUTO-INT-847"]
[Site "http://www.queenalice.com/game.php?id=377932"]
[Date "2008.3.27"]
[Round "1"]
[White "DrDracken45"]
[Black "luciano"]
[Result "0-1"]
[WhiteElo "1628"]
[BlackElo "1672"]

1. f4 e5 2. fxe5 g5 3. d4 Nc6 4. c3 d6 5. exd6 Bxd6 6. e4 f6 7. Be3 b6 8. Qh5+
Kd7 9. Bc4 Bb7 10. Nd2 Nce7 11. Ngf3 Ng6 12. O-O-O N8e7 0-1

[Event "AUTO-INT-847"]
[Site "http://www.queenalice.com/game.php?id=377933"]
[Date "2008.3.27"]
[Round "1"]
[White "luciano"]
[Black "DrDracken45"]
[Result "1-0"]
[WhiteElo "1686"]
[BlackElo "1612"]

1. d4 f5 2. g3 g6 3. Bg2 Bg7 4. Nf3 d6 5. O-O Nd7 6. Ng5 Nb6 7. c3 Nf6 8. Bf4
O-O 9. Qb3+ d5 10. Nd2 h6 11. Ngf3 g5 12. Be5 1-0

[Event "AUTO-ADV-852"]
[Site "http://www.queenalice.com/game.php?id=378015"]
[Date "2008.3.27"]
[Round "1"]
[White "DrDracken45"]
[Black "RDario"]
[Result "0-1"]
[WhiteElo "1465"]
[BlackElo "2022"]

1. f4 b6 2. Nf3 Bb7 3. g3 Nf6 4. Bg2 e6 5. d3 Bb4+ 6. c3 Be7 7. O-O O-O 8. e4 h6
9. h3 c5 10. Be3 Nc6 11. Nbd2 Nh5 12. Kh2 Qe8 13. e5 g6 14. g4 Ng7 15. d4 cxd4
0-1

[Event "AUTO-ADV-852"]
[Site "http://www.queenalice.com/game.php?id=378016"]
[Date "2008.3.27"]
[Round "1"]
[White "RDario"]
[Black "DrDracken45"]
[Result "1-0"]
[WhiteElo "2024"]
[BlackElo "1463"]

1. c4 f5 2. Nc3 g6 3. Nf3 Bg7 4. g3 e5 5. d3 d6 6. Bg2 Nc6 7. O-O Nge7 8. Ng5
O-O 9. Nd5 h6 10. Nh3 Bd7 11. b4 a6 12. Rb1 Kh7 13. a4 Na7 14. b5 axb5 15. axb5
1-0

[Event "AUTO-ADV-852"]
[Site "http://www.queenalice.com/game.php?id=378017"]
[Date "2008.3.27"]
[Round "1"]
[White "DrDracken45"]
[Black "michas"]
[Result "0-1"]
[WhiteElo "1789"]
[BlackElo "1869"]

1. f4 e5 2. fxe5 d6 3. exd6 Bxd6 4. Nf3 Bg4 5. g3 h5 6. d3 Bxf3 7. exf3 h4 8. g4
Nc6 9. Nc3 Nf6 10. Be3 Qe7 11. Qe2 O-O-O 12. O-O-O Rde8 13. Bd2 Qd7 14. Qf2 a6
15. Bg2 h3 16. Bf1 Re6 17. Be2 Qe7 18. Rhe1 Bc5 19. Qf1 Nd4 20. Ne4 Nxe4 0-1

[Event "AUTO-ADV-852"]
[Site "http://www.queenalice.com/game.php?id=378018"]
[Date "2008.3.27"]
[Round "1"]
[White "michas"]
[Black "DrDracken45"]
[Result "1-0"]
[WhiteElo "1882"]
[BlackElo "1767"]

1. h4 e6 2. h5 Bc5 3. h6 Qf6 4. Nf3 Nxh6 5. d4 Bb6 6. Bxh6 gxh6 7. Qd2 Nc6 8.
Rxh6 Qg7 9. c3 d6 10. e4 e5 11. d5 Ne7 12. Rh5 Ng6 13. Qg5 h6 14. Qg3 Bd7 15.
Rh1 O-O-O 16. Nh4 Rdg8 17. Nxg6 fxg6 18. f3 g5 19. Rh5 Be8 20. Qg4+ 1-0

[Event "AUTO-ADV-852"]
[Site "http://www.queenalice.com/game.php?id=378019"]
[Date "2008.3.27"]
[Round "1"]
[White "DrDracken45"]
[Black "Bixu"]
[Result "0-1"]
[WhiteElo "1497"]
[BlackElo "1752"]

1. f4 Nc6 2. g3 e6 3. Bg2 d5 4. d3 e5 5. fxe5 Nxe5 6. Nf3 Qf6 7. O-O Ng4 8. Nc3
c6 9. Bd2 Bc5+ 10. e3 Bxe3+ 11. Bxe3 Nxe3 12. Qe2 d4 13. Ne4 Qe7 0-1

[Event "AUTO-ADV-852"]
[Site "http://www.queenalice.com/game.php?id=378020"]
[Date "2008.3.27"]
[Round "1"]
[White "Bixu"]
[Black "DrDracken45"]
[Result "1-0"]
[WhiteElo "1746"]
[BlackElo "1503"]

1. d4 f5 2. e3 g6 3. Be2 Bg7 4. Bc4 Nf6 5. h3 d5 6. Bd3 O-O 7. Nf3 Nc6 8. O-O
Bd7 9. Ne5 e6 10. c3 Nxe5 11. dxe5 Ne8 12. b4 Bxe5 13. f4 1-0

[Event "AUTO-OPEN-1071"]
[Site "http://www.queenalice.com/game.php?id=378212"]
[Date "2008.3.28"]
[Round "1"]
[White "Tessaro"]
[Black "DrDracken45"]
[Result "1-0"]
[WhiteElo "1564"]
[BlackElo "1432"]

1. e4 Nf6 2. e5 Nd5 3. d4 d6 4. c4 Nb6 5. Nc3 Nc6 6. d5 Nxe5 7. b3 e6 8. Bf4 Be7
9. Bxe5 dxe5 10. dxe6 Bxe6 11. Nf3 f6 12. Be2 Qxd1+ 13. Nxd1 Bb4+ 14. Kf1 1-0

[Event "AUTO-OPEN-1071"]
[Site "http://www.queenalice.com/game.php?id=378213"]
[Date "2008.3.28"]
[Round "1"]
[White "DrDracken45"]
[Black "Tessaro"]
[Result "0-1"]
[WhiteElo "1421"]
[BlackElo "1575"]

1. f4 d5 2. g3 Nc6 3. Bg2 Nf6 4. d3 Bg4 5. h3 Bd7 6. Nd2 e6 7. e4 dxe4 8. dxe4
Bc5 9. Ne2 O-O 10. Nb3 Bb6 11. a4 Qe7 12. Bd2 Rad8 13. e5 Nd5 14. a5 Bc5 15.
Nxc5 Qxc5 16. a6 Bc8 0-1

[Event "AUTO-OPEN-1071"]
[Site "http://www.queenalice.com/game.php?id=378232"]
[Date "2008.3.28"]
[Round "1"]
[White "CampbellMarcel"]
[Black "DrDracken45"]
[Result "1-0"]
[WhiteElo "1742"]
[BlackElo "1748"]

1. e4 Nf6 2. Nc3 d6 3. d4 g6 4. Bg5 Bg7 5. Bc4 O-O 6. Nf3 Bg4 7. h3 Bxf3 8. Qxf3
Nbd7 9. O-O-O c5 10. dxc5 Nxc5 11. Bxf6 Bxf6 12. Nd5 Bg7 13. g4 a6 14. Kb1 b5
15. Bb3 a5 16. c3 Nxb3 17. axb3 a4 18. bxa4 bxa4 19. Nb4 a3 20. b3 Qb6 21. Kc2
Rfc8 22. Nd5 Qd8 23. c4 a2 24. Nc3 Qa5 25. Ra1 1-0

[Event "AUTO-OPEN-1071"]
[Site "http://www.queenalice.com/game.php?id=378233"]
[Date "2008.3.28"]
[Round "1"]
[White "DrDracken45"]
[Black "CampbellMarcel"]
[Result "0-1"]
[WhiteElo "1722"]
[BlackElo "1758"]

1. f4 e6 2. g3 d5 3. Bg2 c6 4. d3 Bc5 5. Nf3 f6 6. e3 b6 7. O-O Nh6 8. h3 g6 9.
Nc3 a6 10. d4 Bd6 11. Bd2 Nf7 12. g4 h6 13. h4 h5 14. g5 f5 15. Ne5 Nxe5 16.
dxe5 Bc5 17. a3 d4 18. exd4 Bxd4+ 19. Kh1 Bb7 20. Rb1 b5 21. Ne2 Ra7 22. Bb4 c5
23. Nxd4 Bxg2+ 24. Kxg2 cxb4 25. axb4 Rd7 26. c3 Nc6 27. Nxc6 Qa8 0-1

[Event "Welcome to Split"]
[Site "http://www.queenalice.com/game.php?id=378248"]
[Date "2008.3.28"]
[Round "-"]
[White "DrDracken45"]
[Black "BraulioFerreira"]
[Result "0-1"]
[WhiteElo "1640"]
[BlackElo "1801"]

1. f4 d5 2. g3 c5 3. Bg2 Nf6 4. d3 Nc6 5. e4 dxe4 6. dxe4 Qxd1+ 7. Kxd1 e5 8.
Ne2 Bg4 9. c3 Rd8+ 10. Ke1 Nh5 11. f5 Rd3 12. Bd2 Na5 0-1

[Event "Dr Dracken vs Dr D"]
[Site "http://www.queenalice.com/game.php?id=378250"]
[Date "2008.3.28"]
[Round "-"]
[White "DrDracken45"]
[Black "DrD"]
[Result "0-1"]
[WhiteElo "1530"]
[BlackElo "1882"]

1. f4 Nf6 2. g3 d5 3. Bg2 c6 4. d3 Bf5 5. Nd2 h6 6. e4 dxe4 7. dxe4 Bh7 8. Ne2
Nbd7 9. e5 Nd5 10. Nb3 N7b6 11. O-O e6 12. a3 a5 13. Kh1 a4 14. Nbd4 Be7 15. b3
O-O 16. c4 Nc7 17. f5 exf5 18. Nxf5 Bxf5 19. Qxd8 Rfxd8 20. Rxf5 axb3 21. Rf4
Bg5 22. Rf1 Bxc1 23. Raxc1 b2 24. Rb1 Nxc4 25. Rf4 b5 26. Bxc6 Rxa3 27. Kg2 Rd2
28. Kf1 Ne3+ 29. Ke1 Rd1+ 30. Rxd1 Nxd1 31. Be4 Re3 0-1

[Event "Dr D vs Dr Dracken"]
[Site "http://www.queenalice.com/game.php?id=378251"]
[Date "2008.3.28"]
[Round "-"]
[White "DrD"]
[Black "DrDracken45"]
[Result "1-0"]
[WhiteElo "1884"]
[BlackElo "1528"]

1. e4 Nf6 2. e5 Nd5 3. c4 Nb6 4. d4 d6 5. f4 dxe5 6. fxe5 Bf5 7. Nf3 Nc6 8. Be3
e6 9. a3 Be7 10. Nc3 O-O 11. Be2 f6 12. exf6 Bxf6 13. O-O Bg6 14. b4 a6 15. Rc1
Bf7 16. Ne4 Be7 17. Nfg5 Bxg5 18. Nxg5 Qe7 19. Nxf7 Rxf7 20. Rf3 Raf8 21. Qd2
Rxf3 22. Bxf3 Nd8 23. Bg5 Qd7 24. Bxd8 Rxd8 25. Bxb7 Qxd4+ 26. Qxd4 Rxd4 27.
Bxa6 Kf7 28. c5 Nd5 29. Bb7 Ke7 30. b5 Kf6 31. a4 1-0

[Event "DrD"]
[Site "http://www.queenalice.com/game.php?id=380045"]
[Date "2008.3.31"]
[Round "1"]
[White "JCOELHO"]
[Black "DrDracken45"]
[Result "1-0"]
[WhiteElo "1693"]
[BlackElo "1461"]

1. e4 Nf6 2. Nc3 d6 3. Nf3 g6 4. Bc4 Bg7 5. O-O O-O 6. d4 Bg4 7. h3 Bxf3 8. Qxf3
Nbd7 9. Bg5 c6 10. d5 c5 11. a4 1-0